Statistiques concernant Films avec Maggie Smith

Cliquez ici pour prendre le quiz!

Statistiques générales

  • Ce quiz a été pris 4 fois
  • Le résultat moyen est 2 sur 15

Statistiques - réponses

PartenaireFilm% Correct
Daniel RadcliffHarry Potter
100%
Whoopi GoldbergSister act
67%
Daniel Day-LewisChambre avec vue
0%
Helen MirrenGosford Park
0%
Robin WilliamsHook
0%
Elizabeth TaylorHotel international
0%
Anne HathawayJane
0%
Diane KeatonLe club des ex
0%
Sandra BullockLes divins secrets
0%
Bette DavisMort sur le Nil
0%
Isabelle AdjaniQuartet
0%
Robert Downey JrRichard III
0%
Rowan AtkinsonSecrets de famille
0%
Peter FalkUn cadavre au dessert
0%
CherUn thé avec Mussolini
0%

Distribution des résultats

Percentile par nombre de réponses

% des personnes avec chaque résultat

Votre développement - résultats

Vous n’avez pas pris ce quiz